<?xml version="1.0" encoding="UTF-8"?>
<record
    xmlns:xsi="http://www.w3.org/2001/XMLSchema-instance"
    xsi:schemaLocation="http://www.loc.gov/MARC21/slim http://www.loc.gov/standards/marcxml/schema/MARC21slim.xsd"
    xmlns="http://www.loc.gov/MARC21/slim">

  <leader>03146nam a22003137a 4500</leader>
  <controlfield tag="003">NALT</controlfield>
  <controlfield tag="005">20260224121625.0</controlfield>
  <controlfield tag="008">251223b        th ||||| |||| 00| 0 tha d</controlfield>
  <datafield tag="020" ind1=" " ind2=" ">
    <subfield code="a">9789740219842</subfield>
  </datafield>
  <datafield tag="040" ind1=" " ind2=" ">
    <subfield code="a">NALT</subfield>
  </datafield>
  <datafield tag="041" ind1="1" ind2=" ">
    <subfield code="a">tha</subfield>
    <subfield code="h">eng</subfield>
  </datafield>
  <datafield tag="050" ind1=" " ind2=" ">
    <subfield code="a">DS 570.C5</subfield>
    <subfield code="b">&#xE2A;125&#xE2A; 2568</subfield>
  </datafield>
  <datafield tag="100" ind1="1" ind2=" ">
    <subfield code="a">&#xE2A;&#xE01;&#xE34;&#xE19;&#xE40;&#xE19;&#xE2D;&#xE23;&#xE4C;, &#xE08;&#xE35;. &#xE27;&#xE34;&#xE25;&#xE40;&#xE25;&#xE35;&#xE22;&#xE21;</subfield>
    <subfield code="9">58544</subfield>
  </datafield>
  <datafield tag="245" ind1=" " ind2=" ">
    <subfield code="a">&#xE2A;&#xE21;&#xE32;&#xE04;&#xE21;&#xE40;&#xE08;&#xE49;&#xE32;&#xE2A;&#xE31;&#xE27; &#xE1C;&#xE39;&#xE49;&#xE19;&#xE33;&#xE41;&#xE25;&#xE30;&#xE2D;&#xE33;&#xE19;&#xE32;&#xE08;&#xE02;&#xE2D;&#xE07;&#xE0A;&#xE38;&#xE21;&#xE0A;&#xE19;&#xE08;&#xE35;&#xE19;&#xE43;&#xE19;&#xE1B;&#xE23;&#xE30;&#xE40;&#xE17;&#xE28;&#xE44;&#xE17;&#xE22; = </subfield>
    <subfield code="b">Leadership and power in the Chinese community of Thailand / </subfield>
    <subfield code="c">G. William Skinner, &#xE40;&#xE02;&#xE35;&#xE22;&#xE19; ; &#xE01;&#xE31;&#xE19;&#xE15;&#xE4C;&#xE01;&#xE19;&#xE34;&#xE29;&#xE10;&#xE4C; &#xE42;&#xE1E;&#xE18;&#xE34;&#xE01;&#xE34;&#xE08;... [&#xE41;&#xE25;&#xE30;&#xE04;&#xE19;&#xE2D;&#xE37;&#xE48;&#xE19;&#xE46;], &#xE41;&#xE1B;&#xE25;.</subfield>
  </datafield>
  <datafield tag="250" ind1=" " ind2=" ">
    <subfield code="a">&#xE1E;&#xE34;&#xE21;&#xE1E;&#xE4C;&#xE04;&#xE23;&#xE31;&#xE49;&#xE07;&#xE41;&#xE23;&#xE01;</subfield>
  </datafield>
  <datafield tag="260" ind1=" " ind2=" ">
    <subfield code="a">&#xE01;&#xE23;&#xE38;&#xE07;&#xE40;&#xE17;&#xE1E;&#xE2F; : </subfield>
    <subfield code="b">&#xE21;&#xE15;&#xE34;&#xE0A;&#xE19;, </subfield>
    <subfield code="c">2568.</subfield>
  </datafield>
  <datafield tag="300" ind1=" " ind2=" ">
    <subfield code="a">627 &#xE2B;&#xE19;&#xE49;&#xE32; :</subfield>
    <subfield code="b">&#xE20;&#xE32;&#xE1E;&#xE1B;&#xE23;&#xE30;&#xE01;&#xE2D;&#xE1A;, &#xE15;&#xE32;&#xE23;&#xE32;&#xE07; ;</subfield>
    <subfield code="c">24 &#xE0B;&#xE21;.</subfield>
  </datafield>
  <datafield tag="505" ind1="2" ind2=" ">
    <subfield code="a">1 &#xE1B;&#xE23;&#xE30;&#xE27;&#xE31;&#xE15;&#xE34;&#xE28;&#xE32;&#xE2A;&#xE15;&#xE23;&#xE4C;&#xE41;&#xE25;&#xE30;&#xE0A;&#xE38;&#xE21;&#xE0A;&#xE19;: &#xE20;&#xE39;&#xE21;&#xE34;&#xE2B;&#xE25;&#xE31;&#xE07;&#xE1C;&#xE39;&#xE49;&#xE19;&#xE33;&#xE0A;&#xE32;&#xE27;&#xE08;&#xE35;&#xE19;&#xE43;&#xE19;&#xE44;&#xE17;&#xE22; -- 2 &#xE1A;&#xE23;&#xE23;&#xE14;&#xE32;&#xE1A;&#xE38;&#xE23;&#xE38;&#xE29;&#xE41;&#xE25;&#xE30;&#xE20;&#xE39;&#xE21;&#xE34;&#xE2B;&#xE25;&#xE31;&#xE07;&#xE02;&#xE2D;&#xE07;&#xE1E;&#xE27;&#xE01;&#xE40;&#xE02;&#xE32;: &#xE25;&#xE31;&#xE01;&#xE29;&#xE13;&#xE30;&#xE17;&#xE32;&#xE07;&#xE2A;&#xE31;&#xE07;&#xE04;&#xE21;&#xE02;&#xE2D;&#xE07;&#xE1C;&#xE39;&#xE49;&#xE19;&#xE33;&#xE0A;&#xE38;&#xE21;&#xE0A;&#xE19;&#xE08;&#xE35;&#xE19; -- 3 &#xE04;&#xE48;&#xE32;&#xE19;&#xE34;&#xE22;&#xE21;&#xE41;&#xE25;&#xE30;&#xE2D;&#xE34;&#xE17;&#xE18;&#xE34;&#xE1E;&#xE25;: &#xE23;&#xE32;&#xE01;&#xE10;&#xE32;&#xE19;&#xE02;&#xE2D;&#xE07;&#xE0A;&#xE19;&#xE0A;&#xE31;&#xE49;&#xE19;&#xE19;&#xE33;&#xE41;&#xE25;&#xE30;&#xE2A;&#xE16;&#xE32;&#xE19;&#xE30;&#xE1C;&#xE39;&#xE49;&#xE19;&#xE33; -- 4 &#xE2D;&#xE33;&#xE19;&#xE32;&#xE08;&#xE41;&#xE25;&#xE30;&#xE01;&#xE32;&#xE23;&#xE08;&#xE31;&#xE14;&#xE23;&#xE30;&#xE40;&#xE1A;&#xE35;&#xE22;&#xE1A;: &#xE21;&#xE34;&#xE15;&#xE34;&#xE17;&#xE32;&#xE07;&#xE01;&#xE32;&#xE23;&#xE40;&#xE21;&#xE37;&#xE2D;&#xE07;&#xE02;&#xE2D;&#xE07;&#xE1C;&#xE39;&#xE49;&#xE19;&#xE33;&#xE0A;&#xE38;&#xE21;&#xE0A;&#xE19; &#xE04;.&#xE28;. 1951-1952 (&#xE1E;.&#xE28;. 2494-2495) -- 5 &#xE1C;&#xE39;&#xE49;&#xE19;&#xE33;&#xE41;&#xE25;&#xE30;&#xE18;&#xE38;&#xE23;&#xE01;&#xE34;&#xE08;: &#xE42;&#xE09;&#xE21;&#xE2B;&#xE19;&#xE49;&#xE32;&#xE02;&#xE2D;&#xE07;&#xE2D;&#xE33;&#xE19;&#xE32;&#xE08;&#xE17;&#xE32;&#xE07;&#xE40;&#xE28;&#xE23;&#xE29;&#xE10;&#xE01;&#xE34;&#xE08; &#xE04;.&#xE28;. 1951-1952 (&#xE1E;.&#xE28;. 2494-2495) -- 6 &#xE01;&#xE32;&#xE23;&#xE04;&#xE27;&#xE1A;&#xE04;&#xE38;&#xE21;&#xE41;&#xE25;&#xE30;&#xE27;&#xE07;&#xE43;&#xE19;: &#xE42;&#xE04;&#xE23;&#xE07;&#xE2A;&#xE23;&#xE49;&#xE32;&#xE07;&#xE2D;&#xE33;&#xE19;&#xE32;&#xE08; &#xE04;.&#xE28;. 1952 (&#xE1E;.&#xE28;. 2495) -- 7 &#xE01;&#xE32;&#xE23;&#xE01;&#xE25;&#xE37;&#xE19;&#xE01;&#xE25;&#xE32;&#xE22;&#xE41;&#xE25;&#xE30;&#xE04;&#xE27;&#xE32;&#xE21;&#xE40;&#xE1B;&#xE47;&#xE19;&#xE1C;&#xE39;&#xE49;&#xE19;&#xE33;: &#xE01;&#xE32;&#xE23;&#xE1B;&#xE23;&#xE31;&#xE1A;&#xE04;&#xE27;&#xE32;&#xE21;&#xE2A;&#xE31;&#xE21;&#xE1E;&#xE31;&#xE19;&#xE18;&#xE4C;&#xE40;&#xE1E;&#xE37;&#xE48;&#xE2D;&#xE1B;&#xE23;&#xE30;&#xE2A;&#xE32;&#xE19;&#xE1B;&#xE23;&#xE30;&#xE42;&#xE22;&#xE0A;&#xE19;&#xE4C; -- 8 &#xE40;&#xE2A;&#xE16;&#xE35;&#xE22;&#xE23;&#xE20;&#xE32;&#xE1E;&#xE41;&#xE25;&#xE30;&#xE01;&#xE32;&#xE23;&#xE40;&#xE1B;&#xE25;&#xE35;&#xE48;&#xE22;&#xE19;&#xE41;&#xE1B;&#xE25;&#xE07;: &#xE1C;&#xE39;&#xE49;&#xE19;&#xE33;&#xE08;&#xE35;&#xE19;&#xE43;&#xE19;&#xE0A;&#xE48;&#xE27;&#xE07; 3 &#xE1B;&#xE35; &#xE04;.&#xE28;. 1952-1955 (&#xE1E;.&#xE28;. 2495-2498) -- 9 &#xE01;&#xE32;&#xE23;&#xE40;&#xE21;&#xE37;&#xE2D;&#xE07;&#xE41;&#xE25;&#xE30;&#xE04;&#xE27;&#xE32;&#xE21;&#xE21;&#xE31;&#xE48;&#xE19;&#xE04;&#xE07;: &#xE41;&#xE19;&#xE27;&#xE42;&#xE19;&#xE49;&#xE21;&#xE02;&#xE2D;&#xE07;&#xE01;&#xE32;&#xE23;&#xE08;&#xE31;&#xE14;&#xE27;&#xE32;&#xE07;&#xE04;&#xE27;&#xE32;&#xE21;&#xE2A;&#xE31;&#xE21;&#xE1E;&#xE31;&#xE19;&#xE18;&#xE4C;&#xE17;&#xE32;&#xE07;&#xE2D;&#xE33;&#xE19;&#xE32;&#xE08;&#xE23;&#xE30;&#xE2B;&#xE27;&#xE48;&#xE32;&#xE07; &#xE04;.&#xE28;. 1952-1956 (&#xE1E;.&#xE28;. 2495-2499).</subfield>
  </datafield>
  <datafield tag="650" ind1=" " ind2="4">
    <subfield code="a">&#xE0A;&#xE32;&#xE27;&#xE08;&#xE35;&#xE19;</subfield>
    <subfield code="z">&#xE44;&#xE17;&#xE22;</subfield>
    <subfield code="9">5862</subfield>
  </datafield>
  <datafield tag="650" ind1=" " ind2="4">
    <subfield code="a">&#xE0A;&#xE32;&#xE27;&#xE08;&#xE35;&#xE19;</subfield>
    <subfield code="z">&#xE44;&#xE17;&#xE22; </subfield>
    <subfield code="x">&#xE01;&#xE32;&#xE23;&#xE14;&#xE33;&#xE40;&#xE19;&#xE34;&#xE19;&#xE0A;&#xE35;&#xE27;&#xE34;&#xE15;</subfield>
    <subfield code="9">22164</subfield>
  </datafield>
  <datafield tag="650" ind1=" " ind2="4">
    <subfield code="a">&#xE0A;&#xE32;&#xE27;&#xE08;&#xE35;&#xE19;&#xE42;&#xE1E;&#xE49;&#xE19;&#xE17;&#xE30;&#xE40;&#xE25;</subfield>
    <subfield code="z">&#xE44;&#xE17;&#xE22;</subfield>
    <subfield code="9">67245</subfield>
  </datafield>
  <datafield tag="700" ind1="1" ind2=" ">
    <subfield code="a">Skinner, G. William</subfield>
    <subfield code="9">58546</subfield>
  </datafield>
  <datafield tag="700" ind1="0" ind2=" ">
    <subfield code="a">&#xE01;&#xE31;&#xE19;&#xE15;&#xE4C;&#xE01;&#xE19;&#xE34;&#xE29;&#xE10;&#xE4C; &#xE42;&#xE1E;&#xE18;&#xE34;&#xE01;&#xE34;&#xE08;</subfield>
    <subfield code="9">67244</subfield>
  </datafield>
  <datafield tag="942" ind1=" " ind2=" ">
    <subfield code="c">GB</subfield>
    <subfield code="2">lcc</subfield>
  </datafield>
  <datafield tag="996" ind1=" " ind2=" ">
    <subfield code="a">jidapa.t</subfield>
    <subfield code="b">ACQSTF</subfield>
    <subfield code="c">2025-12-23</subfield>
  </datafield>
  <datafield tag="996" ind1=" " ind2=" ">
    <subfield code="a">varee.k</subfield>
    <subfield code="b">LIBSTF</subfield>
    <subfield code="c">2025-12-24</subfield>
  </datafield>
  <datafield tag="996" ind1=" " ind2=" ">
    <subfield code="a">saiphon.d</subfield>
    <subfield code="b">CATSTF	</subfield>
    <subfield code="c">2026-01-09</subfield>
  </datafield>
  <datafield tag="999" ind1=" " ind2=" ">
    <subfield code="c">107604</subfield>
    <subfield code="d">107604</subfield>
  </datafield>
  <datafield tag="998" ind1=" " ind2=" ">
    <subfield code="j">8</subfield>
    <subfield code="k"> &#xE19;&#xE32;&#xE22;&#xE1A;&#xE31;&#xE13;&#xE11;&#xE34;&#xE15;  &#xE2D;&#xE38;&#xE17;&#xE32;&#xE27;&#xE07;&#xE04;&#xE4C;</subfield>
  </datafield>
  <datafield tag="952" ind1=" " ind2=" ">
    <subfield code="0">0</subfield>
    <subfield code="1">0</subfield>
    <subfield code="2">lcc</subfield>
    <subfield code="4">0</subfield>
    <subfield code="7">0</subfield>
    <subfield code="8">CGBL</subfield>
    <subfield code="a">NALT</subfield>
    <subfield code="b">NALT</subfield>
    <subfield code="c">GEN</subfield>
    <subfield code="d">2025-12-23</subfield>
    <subfield code="e">20</subfield>
    <subfield code="l">1</subfield>
    <subfield code="m">1</subfield>
    <subfield code="o">DS 570.C5 &#xE2A;125&#xE2A; 2568</subfield>
    <subfield code="p">3961216007</subfield>
    <subfield code="r">2026-03-09 00:00:00</subfield>
    <subfield code="s">2026-02-24</subfield>
    <subfield code="w">2025-12-23</subfield>
    <subfield code="y">GB</subfield>
  </datafield>
</record>
